Approaches to research on draught animal power in Indonesia, Ethiopia and Australia. (Record no. 1311)
[ view plain ]
| 000 -LEADER | |
|---|---|
| fixed length control field | 00508cam0a220018100 4500 |
| 001 - CONTROL NUMBER | |
| control field | tmp15851363 |
| 003 - CONTROL NUMBER IDENTIFIER | |
| control field | UPRA |
| 005 - DATE AND TIME OF LATEST TRANSACTION | |
| control field | 20190809113233.0 |
| 008 - FIXED-LENGTH DATA ELEMENTS--GENERAL INFORMATION | |
| fixed length control field | 951107s1989 xx eng u |
| 035 ## - SYSTEM CONTROL NUMBER | |
| System control number | (Sirsi) r36623 |
| 035 ## - SYSTEM CONTROL NUMBER | |
| System control number | (UPRA)tmp15851363 |
| 040 ## - CATALOGING SOURCE | |
| Transcribing agency | UPRA |
| 100 1# - MAIN ENTRY--PERSONAL NAME | |
| Personal name | Petheran, R. J. |
| Linkage | A98911.1 |
| 245 10 - TITLE STATEMENT | |
| Title | Approaches to research on draught animal power in Indonesia, Ethiopia and Australia. |
| 260 ## - PUBLICATION, DISTRIBUTION, ETC. | |
| Date of publication, distribution, etc. | 1989. |
| 949 ## - LOCAL PROCESSING INFORMATION (OCLC) | |
| a | SF78 |
| w | LC |
| i | -43526 |
| m | VETMED |
| p | 2500 |
| t | BOOK |
| l | ON-SHELF |
| Withdrawn status | Lost status | Source of classification or shelving scheme | Damaged status | Not for loan | Home library | Current library | Shelving location | Total Checkouts | Full call number | Barcode | Date last seen | Copy number | Price effective from | Koha item type |
|---|---|---|---|---|---|---|---|---|---|---|---|---|---|---|
| Library of Congress Classification | Vet Medicine Library | Vet Medicine Library | On Shelf | SF78 | -43526 | 08/09/2019 | 1 | 08/09/2019 | Book |